| 000 | 00874nam a22001695i 4500 | ||
|---|---|---|---|
| 001 | 161588 | ||
| 003 | ES-MaACL | ||
| 005 | 20230906212322.0 | ||
| 008 | 041021s1852 sp |||| | spa d | ||
| 100 | 1 |
_aPaz, Joaquín María de. _9130923 |
|
| 245 | 1 | 0 |
_aDemostración del derecho que asiste a la Compañía General del Iris en el pleito ejecutivo que sobre pago de catorce millones y pico de reales, sigue contra el Banco Español de San Fernando / _cpor Joaquín María de la Paz. |
| 260 |
_aMadrid : _b[s.n.], _c1852 ( _fEstab. tip. militar de los sres. Mateo y Torrubia) |
||
| 300 |
_a92 p. ; _c21 cm. |
||
| 610 | 2 | 4 |
_aCompañía General del Iris (Madrid) _9134289 |
| 852 | 4 |
_aES-MaACL _jT-6-F-22 _z- Enc. hol., falto de cub. original _z- Enc. en un vol. facticio |
|
| 852 | 4 |
_aES-MaACL _jT-31-F-12 _z- Enc. hol., falto de cub. original _z- Enc. en un vol. facticio |
|
| 999 |
_c161588 _d161588 |
||